Statystyki dla Piłka nożna quiz #3 - Transfery

Kliknij tutaj aby rozwiązać quiz!

Ogólne statystyki

  • Ten quiz został rozwiązany 419 razy
  • Średni wynik to 8 z 15

Statystyki odpowiedzi

ZagadnienieOdpowiedź% Poprawnych
Z jakiego klubu Alexis Mac Allister trafił do Liverpoolu?Brighton & Hove Albion
90%
Który angielski klub sprowadził Bruno Fernandesa ze Sportingu CP w styczniu 2020 roku?Manchester United
88%
Który włoski klub sprowadził Achrafa Hakimiego z Realu Madryt w sezonie 2020/21?Inter Mediolan
84%
Który francuski klub zakontraktował Georgina Wijnalduma po jego odejściu z Liverpoolu?Paris Saint-Germain
78%
Który zespół z Serie A pozyskał Romelu Lukaku z Chelsea w sezonie 2021/2022?Inter Mediolan
74%
Do jakiego klubu w sezonie 2012/13 przeniósł się z Athletic Bilbao Javi Martinez?Bayern Monachium
69%
W którym sezonie Virgil van Dijk dołączył do Liverpoolu, stając się najdroższym obrońcą w historii transferów?2017/18
60%
W którym sezonie Philippe Coutinho dołączył do FC Barcelony?2017/18
59%
Ile wynosiła kwota transferu Bartosza Slisz z Zagłębia Lubin do Legii Warszawa w sezonie 2019/20?1,50 mln €
47%
W ilu klubach występował Zlatan Ibrahimović w karierze seniorskiej?9
47%
W jakim polskim klubie występował Maor Melikson?Wisła Kraków
47%
Który z wymienionych piłkarzy nie grał w swojej karierze w Realu Madryt i FC Barcelonie?Guti
35%
Do jakiego klubu przeszedł Clarence Seedorf po długiej przygodzie w AC Milan?Botafogo RJ
30%
Który klub wydał najwięcej na transfery w letnim okienku transferowy w 2022 roku?Manchester City
17%
Ile wynosiła kwota transferu Marcelo z Wisły Kraków do PSV Eindhoven w sezonie 2010/11?3,80 mln €
12%

Rozkład punktacji

Percentyl według liczby udzielonych odpowiedzi

Procent ludzi z każdym wynikiem

Twoja historia wyników

Nie rozwiązałeś tego quizu